| 000 | 01078nam a22003137a 4500 | ||
|---|---|---|---|
| 003 | DO-SdBPM | ||
| 005 | 20250908093924.0 | ||
| 007 | ta | ||
| 008 | 151202b1998 sp a |||| 00| 0 spa d | ||
| 020 | _a8424132971 | ||
| 040 |
_aDO-SdBPM _bspa _cBPMSU _erda |
||
| 082 | 4 |
_a833.91 _bL253a 1998 _222 |
|
| 100 | 1 |
_aLanda, Norbert _d1952- _eautor |
|
| 245 | 1 | 0 |
_aAlex en la casa de los fantasmas / _cNorbert Landa ; ilustraciones de Hanne Türk ; traducción Eladio M. B. de Quirós. |
| 264 |
_aLeón, Madrid : _bEditorial Everest, _c1998. |
||
| 300 |
_a[26] páginas : _bilustraciones ; _c22 cm. |
||
| 336 |
_atexto _btxt _2rdacontent |
||
| 337 |
_asin mediación _bn _2rdamedia |
||
| 338 |
_avolumen _bnc _2rdacarrier |
||
| 490 | 0 | _aEstrella | |
| 500 | _aA partir de 6 años. | ||
| 590 | _aInventariado, 2025/VM | ||
| 650 | 7 | _aCuentos infantiles austriacos | |
| 650 | 7 |
_aFantasmas _vCuentos infantiles |
|
| 700 | 1 |
_aTürk, Hanne, _eilustración |
|
| 700 | 1 |
_aQuirós, Eladio M. B., _etraductor |
|
| 910 | _a VMateo V. Control de calidad. BPMSU | ||
| 942 |
_2ddc _cBK |
||
| 999 |
_c8987 _d8987 |
||